Coupe du Monde 2022: où ont été formés les Bleus? - Statistiques

Statistiques générales
  • Ce quiz a été pris 430 fois
    316 depuis la dernière actualisation
  • Le résultat moyen est 17 sur 25
Statistiques - réponses
Poste Joueur Formation % Correct
Gardien Alphonse Aréola Paris Saint-Germain
97%
Milieu Adrien Rabiot Paris Saint-Germain
97%
Attaquant Kingsley Coman Paris Saint-Germain
97%
Attaquant Kylian Mbappé AS Monaco
94%
Milieu Eduardo Camavinga Stade Rennais
90%
Attaquant Ousmane Dembélé Stade Rennais
90%
Défenseur Jules Koundé Girondins de Bordeaux
84%
Milieu Aurélien Tchouaméni Girondins de Bordeaux
84%
Gardien Hugo Lloris OGC Nice
84%
Défenseur Raphaël Varane RC Lens
82%
Milieu Jordan Veretout FC Nantes
81%
Attaquant Randal Kolo Muani FC Nantes
81%
Défenseur Benjamin Pavard Lille OSC
79%
Attaquant Antoine Griezmann Real Sociedad
71%
Défenseur William Saliba AS Saint-Étienne
70%
Gardien Steve Mandanda Le Havre
58%
Défenseur Theo Hernandez Atletico Madrid
57%
Défenseur Lucas Hernandez Atletico Madrid
57%
Milieu Mattéo Guendouzi FC Lorient
51%
Attaquant Olivier Giroud Grenoble F38
49%
Milieu Youssouf Fofana RC Strasbourg
47%
Défenseur Ibrahima Konaté FC Sochaux Montbéliard
38%
Attaquant Marcus Thuram FC Sochaux Montbéliard
38%
Défenseur Dayot Upamecano Valenciennes
17%
Défenseur Axel Disasi Paris FC
13%
Aucun quiz correspondant
Distribution des résultats
% des personnes avec chaque résultat
Percentile par nombre de réponses
Votre historique - résultats
Vous n’avez pas pris ce quiz depuis la dernière actualisation